[Event "Canadian zt"]
[Site "Toronto"]
[Date "2024.04.02"]
[Round "10"]
[White "England, Max"]
[Black "Liu, Zachary Hankun"]
[Result "1-0"]
[WhiteElo "2020"]
[BlackElo "1910"]
[PlyCount "115"]
[EventDate "2024.03.27"]
[EventType "team-swiss"]
[EventRounds "10"]
[EventCountry "CAN"]
[SourceTitle "CB15_2024"]
[SourceDate "2024.04.10"]
[SourceVersion "1"]
[SourceVersionDate "2024.04.10"]
[SourceQuality "1"]

1. Nf3 d5 2. g3 g6 3. Bg2 Bg7 4. 0-0 e5 5. d3 Nc6 6. e4 dxe4 7. dxe4 Qxd1 8. Rxd1 Bg4 9. Re1 0-0-0 10. h3 Bd7 11. c3 f6 12. Nbd2 Be6 13. Bf1 Bh6 14. b4 Nb8 15. a4 Nd7 16. Bb2 Ne7 17. Nc4 Kb8 18. Ba3 Nc8 19. a5 Bf8 20. Rad1 Nd6 21. Ncd2 Be7 22. Rb1 Rhe8 23. c4 Nc8 24. c5 a6 25. b5 axb5 26. Bxb5 Bxc5 27. Bxc5 Nxc5 28. Bxe8 Rxe8 29. Rec1 Na6 30. Kg2 Nd6 31. Ne1 Rd8 32. Rb2 Ka7 33. Nc2 Rd7 34. Ne3 c6 35. f4 exf4 36. gxf4 Nb5 37. f5 gxf5 38. exf5 Bd5+ 39. Kf2 Nbc7 40. Ng4 c5 41. Kg3 Rg7 42. Kh4 Rf7 43. Rb6 Bc6 44. Rb3 Nd5 45. Ne4 Ne7 46. Nh6 Bxe4 47. Nxf7 Bd5 48. Rb6 Bxf7 49. Rxf6 Bd5 50. Re1 Nc6 51. Rd6 Nc7 52. Rd7 Nd4 53. Rxc7 Nf3+ 54. Kg3 Nxe1 55. Rxc5 Bb3 56. f6 b6 57. axb6+ Kxb6 58. Rc1 1-0

[Event "Canadian zt"]
[Site "Toronto"]
[Date "2024.04.01"]
[Round "9"]
[White "Terry, Joshua"]
[Black "England, Max"]
[Result "1-0"]
[WhiteElo "2213"]
[BlackElo "2020"]
[PlyCount "129"]
[EventDate "2024.03.27"]
[EventType "team-swiss"]
[EventRounds "10"]
[EventCountry "CAN"]
[SourceTitle "CB15_2024"]
[SourceDate "2024.04.10"]
[SourceVersion "1"]
[SourceVersionDate "2024.04.10"]
[SourceQuality "1"]

1. d4 Nf6 2. c4 g6 3. f3 Bg7 4. e4 d6 5. Bg5 0-0 6. Qd2 c5 7. d5 a6 8. a4 e6 9. Ne2 exd5 10. cxd5 Nbd7 11. Nec3 Re8 12. Be2 Ne5 13. 0-0 Qa5 14. Na3 Rb8 15. h3 Qb4 16. Rfe1 Qd4+ 17. Be3 Qxd2 18. Bxd2 h6 19. f4 Ned7 20. Bf3 Nh7 21. Nc4 Bf8 22. a5 b5 23. axb6 Nxb6 24. Na5 Bd7 25. Be2 Na8 26. Ra2 Nc7 27. Nc4 Nb5 28. Bd3 Nxc3 29. Bxc3 Bb5 30. Kf2 Bg7 31. Bxg7 Kxg7 32. Bf1 Red8 33. Kf3 Nf6 34. b3 Nd7 35. Ra3 Nb6 36. Rea1 f5 37. exf5 Nxd5 38. fxg6 Kxg6 39. Rd1 Nb4 40. g4 d5 41. Ne5+ Kg7 42. Bxb5 Rxb5 43. Rd2 Rb6 44. h4 Nc6 45. Nxc6 Rxc6 46. g5 Rb6 47. Kg4 Rdd6 48. Ra5 Rb5 49. Rxb5 axb5 50. f5 hxg5 51. hxg5 c4 52. bxc4 bxc4 53. f6+ Kg8 54. Kf5 c3 55. Rh2 d4 56. g6 Rd5+ 57. Ke6 Rd8 58. Ke7 Ra8 59. Ke6 d3 60. Rh7 Ra6+ 61. Kf5 Ra5+ 62. Ke4 Ra4+ 63. Kxd3 Rf4 64. f7+ Kf8 65. Rh8+ 1-0

[Event "Canadian zt"]
[Site "Toronto"]
[Date "2024.03.30"]
[Round "6"]
[White "Xu, Daniel"]
[Black "England, Max"]
[Result "1-0"]
[WhiteElo "2212"]
[BlackElo "2020"]
[PlyCount "169"]
[EventDate "2024.03.27"]
[EventType "team-swiss"]
[EventRounds "10"]
[EventCountry "CAN"]
[SourceTitle "CB15_2024"]
[SourceDate "2024.04.10"]
[SourceVersion "1"]
[SourceVersionDate "2024.04.10"]
[SourceQuality "1"]

1. e4 d6 2. d4 Nf6 3. Nc3 g6 4. Be3 a6 5. f3 b5 6. Qd2 Nbd7 7. 0-0-0 Nb6 8. g4 h5 9. g5 Nfd7 10. a3 Bg7 11. f4 Bb7 12. Nf3 c5 13. dxc5 Nxc5 14. Bd4 0-0 15. Bxg7 Kxg7 16. Qe3 Qc7 17. f5 Rac8 18. Nd4 Kh7 19. Bh3 Nc4 20. Qe2 Rce8 21. Rhf1 e5 22. fxe6 fxe6 23. Rxf8 Rxf8 24. Bxe6 Ne5 25. Nd5 Bxd5 26. Bxd5 Rf2 27. Qe3 Ng4 28. Qg3 Qe7 29. h3 Qe5 30. Qxe5 Nxe5 31. Ne6 Re2 32. Nxc5 dxc5 33. Bb7 a5 34. b3 Nf3 35. Rd5 Rg2 36. Rxc5 Rxg5 37. Rxg5 Nxg5 38. h4 Ne6 39. Bd5 Nc7 40. Kd2 g5 41. hxg5 Kg6 42. Ke3 Kxg5 43. c4 bxc4 44. bxc4 Kg4 45. Bc6 h4 46. Bd7+ Kg3 47. e5 h3 48. Bc6 Ne6 49. Bh1 a4 50. Bc6 Nf4 51. e6 Ng2+ 52. Kd4 h2 53. e7 h1Q 54. e8Q Qa1+ 55. Ke4 Qe1+ 56. Kd5 Ne3+ 57. Kc5 Qa5+ 58. Bb5 Qa7+ 59. Kc6 Qd4 60. Qb8+ Kf3 61. Qd6 Qc3 62. Qf8+ Ke4 63. Qe7+ Kf3 64. Qc5 Ke4 65. Kb6 Kd3 66. Qd6+ Kc2 67. Bxa4+ Kb2 68. Qb4+ Qxb4+ 69. axb4 Nxc4+ 70. Kc5 Kc3 71. b5 Na5 72. b6 Nb7+ 73. Kc6 Na5+ 74. Kc7 Kb4 75. Be8 Kc5 76. Bd7 Kd5 77. Bg4 Kc5 78. Be2 Kd5 79. Kb8 Kc5 80. Ka7 Nc6+ 81. Kb7 Na5+ 82. Ka6 Nc6 83. b7 Kd6 84. Kb6 Nb8 85. Bb5 1-0

[Event "Kingston Easter U2200"]
[Site "Kingston"]
[Date "2019.04.22"]
[Round "9.21"]
[White "Zhao, Jeffrey Renfei"]
[Black "England, Max"]
[Result "1/2-1/2"]
[WhiteElo "1968"]
[BlackElo "2021"]
[PlyCount "31"]
[EventDate "2019.04.18"]
[EventType "swiss"]
[EventRounds "9"]
[EventCountry "CAN"]
[SourceTitle "EXT 2022"]
[Source "ChessBase"]
[SourceDate "2021.10.06"]
[SourceVersion "1"]
[SourceVersionDate "2021.10.06"]
[SourceQuality "1"]

1. e4 e5 2. Nf3 Nc6 3. Bc4 Bc5 4. c3 Nf6 5. d3 d6 6. Nbd2 a6 7. Bb3 Ba7 8. 0-0 0-0 9. h3 Ne7 10. Re1 Ng6 11. Nf1 Bd7 12. Ng3 c6 13. d4 h6 14. Be3 Re8 15. Qd2 Be6 16. Rad1 1/2-1/2

[Event "Kingston Easter U2200"]
[Site "Kingston"]
[Date "2019.04.19"]
[Round "2.20"]
[White "England, Max"]
[Black "Doubleday, William G"]
[Result "1-0"]
[WhiteElo "2021"]
[BlackElo "1942"]
[PlyCount "97"]
[EventDate "2019.04.18"]
[EventType "swiss"]
[EventRounds "9"]
[EventCountry "CAN"]
[SourceTitle "EXT 2022"]
[Source "ChessBase"]
[SourceDate "2021.10.06"]
[SourceVersion "1"]
[SourceVersionDate "2021.10.06"]
[SourceQuality "1"]

1. e4 c5 2. Nf3 Nc6 3. d4 cxd4 4. Nxd4 Qb6 5. Nb3 Nf6 6. Nc3 e6 7. a3 a6 8. Be3 Qc7 9. f4 d6 10. Qf3 Rb8 11. g4 b5 12. 0-0-0 Be7 13. g5 Nd7 14. Qf2 b4 15. axb4 Nxb4 16. Rg1 Nc5 17. Bxc5 dxc5 18. Bc4 Nc6 19. e5 Nd4 20. Ne4 Rb4 21. Qf1 a5 22. Nxd4 cxd4 23. b3 a4 24. Bb5+ Bd7 25. bxa4 Bxb5 26. axb5 Rc4 27. Qd3 0-0 28. Nf6+ Bxf6 29. gxf6 g6 30. Qb3 Rc8 31. Rg2 Rc3 32. Qa4 d3 33. Rdd2 Qc5 34. Kb2 Rb8 35. Ka2 Rxb5 36. Qa8+ Qf8 37. Qxf8+ Kxf8 38. Rxd3 Rxd3 39. cxd3 Ke8 40. Rb2 Rd5 41. Rb8+ Kd7 42. Rf8 Rxd3 43. Rxf7+ Kc6 44. Re7 Rf3 45. Rxe6+ Kd5 46. Rd6+ Ke4 47. f7 Rxf4 48. Rf6 Kxe5 49. Rxf4 1-0

[Event "Oakville Winter op U2100"]
[Site "Oakville"]
[Date "2019.01.26"]
[Round "2.7"]
[White "England, Max"]
[Black "Lauron, Ranel G"]
[Result "1-0"]
[WhiteElo "2010"]
[BlackElo "2094"]
[PlyCount "105"]
[EventDate "2019.01.25"]
[EventType "swiss"]
[EventRounds "5"]
[EventCountry "CAN"]
[SourceTitle "EXT 2022"]
[Source "ChessBase"]
[SourceDate "2021.10.06"]
[SourceVersion "1"]
[SourceVersionDate "2021.10.06"]
[SourceQuality "1"]

1. e4 e5 2. Nf3 Nc6 3. Bc4 Bc5 4. d3 Nf6 5. Nc3 d6 6. Be3 Bb6 7. Qd2 Qe7 8. 0-0-0 Be6 9. Bxe6 fxe6 10. Bxb6 axb6 11. d4 exd4 12. Nxd4 Nxd4 13. Qxd4 e5 14. Qc4 Qf7 15. Qxf7+ Kxf7 16. f3 Rhd8 17. a3 c6 18. Rhe1 Ke6 19. g4 b5 20. h4 Nd7 21. Ne2 Nb6 22. f4 Nc4 23. f5+ Kf7 24. Nc3 Ra5 25. Nb1 Ke7 26. Nd2 Nxd2 27. Rxd2 Ra4 28. c3 c5 29. Kc2 Rda8 30. Kb3 Rc4 31. g5 Raa4 32. Rde2 Kd7 33. Re3 Ke7 34. Kc2 b4 35. b3 Rxc3+ 36. Rxc3 Rxa3 37. Kb2 b5 38. Rcc1 Ra7 39. Ra1 Rc7 40. Ra5 c4 41. Rxb5 cxb3 42. Rc1 Ra7 43. Kxb3 Ra3+ 44. Kxb4 Re3 45. Rb7+ Kd8 46. Rc4 Rh3 47. Rxg7 Rxh4 48. Kb5 Rh3 49. Kc6 Rd3 50. Rxh7 Ke8 51. Ra4 Rc3+ 52. Kd5 Rc8 53. Rh8+ 1-0

[Event "Oakville Winter op U2100"]
[Site "Oakville"]
[Date "2019.01.25"]
[Round "1.9"]
[White "Stewart, Scott A"]
[Black "England, Max"]
[Result "0-1"]
[WhiteElo "1778"]
[BlackElo "2010"]
[PlyCount "64"]
[EventDate "2019.01.25"]
[EventType "swiss"]
[EventRounds "5"]
[EventCountry "CAN"]
[SourceTitle "EXT 2022"]
[Source "ChessBase"]
[SourceDate "2021.10.06"]
[SourceVersion "1"]
[SourceVersionDate "2021.10.06"]
[SourceQuality "1"]

1. e4 e5 2. Nf3 Nc6 3. Bb5 a6 4. Ba4 Nf6 5. d3 Bc5 6. c3 b5 7. Bb3 d6 8. 0-0 0-0 9. Re1 Re8 10. a4 Bg4 11. Nbd2 Ne7 12. h3 Bxf3 13. Nxf3 Ng6 14. d4 Bb6 15. Ng5 Re7 16. axb5 axb5 17. Rxa8 Qxa8 18. d5 h6 19. Nf3 Qa7 20. Qe2 Nh5 21. Rf1 Ng3 22. Qxb5 Nxf1 23. Qxf1 Qa1 24. g3 Re8 25. Qd1 Ra8 26. Ne1 Ne7 27. Nd3 f5 28. exf5 Nxf5 29. Qg4 Rf8 30. Kg2 Bxf2 31. Bxh6 Ne3+ 32. Bxe3 Qg1# 0-1

[Event "Gibraltar U12 op"]
[Site "Caleta"]
[Date "2017.08.21"]
[Round "6"]
[White "England, Max"]
[Black "Garcia Bellido, Alvaro"]
[Result "1-0"]
[WhiteElo "1661"]
[BlackElo "1327"]
[PlyCount "107"]
[EventDate "2017.08.18"]
[EventType "swiss"]
[EventRounds "6"]
[EventCountry "GGB"]
[SourceTitle "CBM 180 Extra"]
[Source "ChessBase"]
[SourceDate "2017.10.06"]
[SourceVersion "1"]
[SourceVersionDate "2017.10.06"]
[SourceQuality "1"]

1. e4 d5 2. exd5 Qxd5 3. Nf3 Qa5 4. Be2 Nf6 5. 0-0 c6 6. d4 Qc7 7. c4 Bf5 8. Nc3 e6 9. Re1 Be7 10. Be3 Nbd7 11. Rc1 h6 12. Qb3 Qb6 13. Qxb6 Nxb6 14. Ne5 0-0 15. g4 Bh7 16. Red1 Rfd8 17. a4 Nbd7 18. f4 Nxe5 19. fxe5 Ne4 20. Bd3 Nxc3 21. Bxh7+ Kxh7 22. Rxc3 Rd7 23. Rcd3 Rad8 24. Kg2 g5 25. Kf3 Kg6 26. Ke4 f6 27. exf6 Bxf6 28. b3 b6 29. d5 cxd5+ 30. cxd5 exd5+ 31. Rxd5 Re8+ 32. Kf3 Rf7 33. Rf5 Rfe7 34. Rd3 Rf7 35. Rd6 Kg7 36. Rdxf6 Rxf6 37. Bd4 Ref8 38. Rxf6 Rxf6+ 39. Ke4 Kf7 40. Bxf6 Kxf6 41. Kd5 a6 42. b4 a5 43. b5 Ke7 44. Kc6 Kd8 45. Kxb6 Ke7 46. Kxa5 Kd8 47. b6 Kc8 48. Ka6 Kb8 49. Kb5 Kb7 50. a5 Kb8 51. Kc6 h5 52. gxh5 g4 53. h6 g3 54. h7 1-0

[Event "Gibraltar U12 op"]
[Site "Caleta"]
[Date "2017.08.19"]
[Round "3"]
[White "Lorente Serrano, Rosa Adela"]
[Black "England, Max"]
[Result "1-0"]
[WhiteElo "1564"]
[BlackElo "1661"]
[PlyCount "85"]
[EventDate "2017.08.18"]
[EventType "swiss"]
[EventRounds "6"]
[EventCountry "GGB"]
[SourceTitle "CBM 180 Extra"]
[Source "ChessBase"]
[SourceDate "2017.10.06"]
[SourceVersion "1"]
[SourceVersionDate "2017.10.06"]
[SourceQuality "1"]

1. b3 d5 2. Bb2 Nf6 3. e3 Bf5 4. f4 e6 5. Nf3 Bd6 6. Be2 c5 7. 0-0 0-0 8. h3 Ne4 9. Kh2 Bg6 10. d3 Nf6 11. Nbd2 d4 12. Nc4 dxe3 13. Nxd6 Qxd6 14. Be5 Qe7 15. Qc1 Nd5 16. c4 Nb4 17. Ne1 f6 18. Bc3 N8c6 19. a3 Na6 20. Qxe3 Rad8 21. Nf3 Rfe8 22. d4 cxd4 23. Nxd4 e5 24. Nxc6 bxc6 25. fxe5 fxe5 26. Rad1 Qc5 27. Qg5 Rxd1 28. Rxd1 e4 29. Qg3 Nb8 30. Rd6 Kh8 31. Rxg6 hxg6 32. Qxg6 Qe7 33. Bxg7+ Qxg7 34. Qxe8+ Qg8 35. Qe5+ Kh7 36. Bg4 Qd8 37. Bf5+ Kg8 38. Be6+ Kf8 39. Qh8+ Ke7 40. Qxd8+ Kxd8 41. Kg3 Na6 42. b4 Nc7 43. Bf5 1-0

[Event "Pan American-ch U12"]
[Site "San Jose"]
[Date "2017.07.05"]
[Round "7"]
[White "England, Max"]
[Black "Prestia, Paris"]
[Result "0-1"]
[WhiteElo "1727"]
[BlackElo "1674"]
[PlyCount "114"]
[EventDate "2017.07.01"]
[EventType "swiss"]
[EventRounds "9"]
[EventCountry "CRI"]
[SourceTitle "EXT 2022"]
[Source "ChessBase"]
[SourceDate "2021.10.06"]
[SourceVersion "1"]
[SourceVersionDate "2021.10.06"]
[SourceQuality "1"]

1. e4 d6 2. d4 Nf6 3. Nc3 g6 4. Nf3 Bg7 5. Be2 0-0 6. Bf4 c5 7. dxc5 dxc5 8. e5 Nfd7 9. 0-0 Nc6 10. Qd5 Nd4 11. Nxd4 cxd4 12. Qxd4 Nxe5 13. Qe3 Nc6 14. Rad1 Qa5 15. Rd5 Qb6 16. Qc1 Nd4 17. Bb5 Nxb5 18. Rxb5 Qc6 19. Rb3 Be6 20. Ra3 b5 21. Ne2 b4 22. Rg3 Rfc8 23. c3 bxc3 24. Nxc3 a5 25. Re1 a4 26. Be5 Ra5 27. Bxg7 Kxg7 28. Qf4 a3 29. Qd4+ Kg8 30. b4 Raa8 31. h4 Qc4 32. Re4 Qxd4 33. Rxd4 Kg7 34. Rgd3 Rab8 35. Ne4 Ra8 36. Rd2 Rc1+ 37. Kh2 Ra1 38. Nc3 Rc1 39. R4d3 Rb8 40. Ne2 Ra1 41. Rxa3 Rxb4 42. Nd4 Bf5 43. g4 Bxg4 44. Nc2 Rb2 45. Nxa1 Rxd2 46. Kg3 Be6 47. Nb3 Rd3+ 48. Kh2 Rh3+ 49. Kg2 Rxh4 50. Nc5 Bd5+ 51. Kg3 Rc4 52. Nd3 h5 53. Ne5 h4+ 54. Kh3 Rf4 55. Nd3 Be6+ 56. Kh2 Rf3 57. Kg2 Bd5 0-1

[Event "Pan American-ch U12"]
[Site "San Jose"]
[Date "2017.07.02"]
[Round "3"]
[White "England, Max"]
[Black "Velazquez Quirarte, Santiago"]
[Result "1-0"]
[WhiteElo "1727"]
[BlackElo "1488"]
[PlyCount "73"]
[EventDate "2017.07.01"]
[EventType "swiss"]
[EventRounds "9"]
[EventCountry "CRI"]
[SourceTitle "EXT 2022"]
[Source "ChessBase"]
[SourceDate "2021.10.06"]
[SourceVersion "1"]
[SourceVersionDate "2021.10.06"]
[SourceQuality "1"]

1. e4 c5 2. d4 cxd4 3. c3 dxc3 4. Nxc3 Nc6 5. Nf3 Nf6 6. Bc4 d6 7. 0-0 Bg4 8. Be3 g6 9. Qb3 e6 10. Qxb7 Qc8 11. Ba6 Ne7 12. Nb5 Qxb7 13. Nxd6+ Kd7 14. Bxb7 Rb8 15. Bxa7 Rxb7 16. Nxb7 Nxe4 17. Rac1 Nd5 18. Ne5+ Ke7 19. Nxg4 h5 20. Ne5 Bg7 21. Nc6+ Kd7 22. Bd4 f6 23. f3 Ng5 24. Rfd1 Rf8 25. h4 Nh7 26. Nc5+ Kd6 27. Ne4+ Kd7 28. b4 Rc8 29. b5 Bh8 30. Na7 Rb8 31. Rc6 Rb7 32. Nc5+ Kd8 33. Rc8+ Ke7 34. Nxb7 Nf8 35. Bc5+ Kd7 36. Bxf8 f5 37. Nc5# 1-0

[Event "Windsor NAYCC U12"]
[Site "Windsor"]
[Date "2016.08.11"]
[Round "8.95"]
[White "Tsay, Vincent"]
[Black "England, Max"]
[Result "1/2-1/2"]
[WhiteElo "1789"]
[BlackElo "1607"]
[PlyCount "154"]
[EventDate "2016.08.07"]
[EventType "swiss"]
[EventRounds "9"]
[EventCountry "CAN"]
[SourceTitle "EXT 2022"]
[Source "ChessBase"]
[SourceDate "2021.10.06"]
[SourceVersion "1"]
[SourceVersionDate "2021.10.06"]
[SourceQuality "1"]

1. d4 Nf6 2. Bf4 d5 3. e3 e6 4. Nd2 Bd6 5. Bg3 Bxg3 6. hxg3 Nbd7 7. Ngf3 c6 8. Bd3 Qc7 9. e4 dxe4 10. Nxe4 Nxe4 11. Bxe4 Nf6 12. Bd3 b6 13. Qe2 Bb7 14. Ng5 h6 15. Ne4 Nxe4 16. Bxe4 0-0-0 17. 0-0-0 Kb8 18. Kb1 Rhe8 19. g4 e5 20. Qc4 exd4 21. Rxd4 Rxd4 22. Qxd4 c5 23. Qxg7 Bxe4 24. f3 Bg6 25. Qxh6 Qg3 26. Qd2 Qe5 27. f4 Qd4 28. Qxd4 cxd4 29. f5 Bh7 30. Kc1 Bg8 31. f6 Re4 32. Rh4 Rf4 33. Kd2 Rxf6 34. Kd3 Rd6 35. g5 Rg6 36. Rh5 f6 37. gxf6 Rxf6 38. Kxd4 Rg6 39. a4 Rxg2 40. Kc3 a6 41. a5 b5 42. Rh6 Ka7 43. Rd6 Rg7 44. Rd4 Bh7 45. Kb3 Rc7 46. c3 Bf5 47. Kb4 Be6 48. b3 Rf7 49. Re4 Bd5 50. Rd4 Bc6 51. c4 Kb7 52. cxb5 Bxb5 53. Rh4 Rf6 54. Kc3 Kc6 55. Kb4 Rf5 56. Rd4 Be2 57. Re4 Bd3 58. Rd4 Rb5+ 59. Kc3 Bf5 60. b4 Re5 61. Rc4+ Kd6 62. Rc5 Re3+ 63. Kd4 Rd3+ 64. Kc4 Rf3 65. Rd5+ Ke6 66. Rd2 Ke5 67. b5 Be6+ 68. Kc5 Rc3+ 69. Kb6 axb5 70. Kxb5 Bd5 71. a6 Kd6 72. Rxd5+ Kxd5 73. a7 Ra3 74. Kb6 Kd6 75. Kb7 Rb3+ 76. Kc8 Rc3+ 77. Kb7 Rb3+ 1/2-1/2

[Event "Windsor NAYCC U12"]
[Site "Windsor"]
[Date "2016.08.08"]
[Round "3.91"]
[White "Vettese, Nicholas"]
[Black "England, Max"]
[Result "1-0"]
[WhiteElo "2092"]
[BlackElo "1607"]
[PlyCount "99"]
[EventDate "2016.08.07"]
[EventType "swiss"]
[EventRounds "9"]
[EventCountry "CAN"]
[SourceTitle "EXT 2022"]
[Source "ChessBase"]
[SourceDate "2021.10.06"]
[SourceVersion "1"]
[SourceVersionDate "2021.10.06"]
[SourceQuality "1"]

1. e4 e5 2. Nf3 Nc6 3. Bc4 Bc5 4. c3 Nf6 5. d3 d6 6. Bb3 0-0 7. 0-0 a6 8. Nbd2 Ba7 9. Re1 Ne7 10. Nf1 Ng6 11. Ng3 c6 12. h3 h6 13. d4 Qc7 14. Be3 Re8 15. Bc2 Bd7 16. a4 Rad8 17. dxe5 Bxe3 18. exf6 Bf4 19. Nh5 Be5 20. Nxg7 Rf8 21. Nxe5 dxe5 22. Qh5 Kh7 23. Rad1 Nf4 24. Qf3 Kg6 25. g3 Nxh3+ 26. Kg2 Rh8 27. Qh5+ Kxf6 28. Nf5 Ng5 29. f4 Bxf5 30. fxg5+ hxg5 31. Qf3 Qc8 32. Qxf5+ Qxf5 33. exf5 Rd5 34. Be4 Rxd1 35. Rxd1 Ke7 36. b4 Rc8 37. c4 b5 38. axb5 axb5 39. c5 f6 40. Rd6 Ra8 41. Re6+ Kf7 42. Bxc6 Ra2+ 43. Kh3 Rb2 44. Be8+ Kg7 45. c6 g4+ 46. Kh4 Rh2+ 47. Kxg4 Rb2 48. c7 Rxb4+ 49. Kh3 Rc4 50. Rc6 1-0

[Event "Windsor NAYCC U12"]
[Site "Windsor"]
[Date "2016.08.07"]
[Round "1.87"]
[White "Shen, Christopher Y"]
[Black "England, Max"]
[Result "0-1"]
[WhiteElo "2161"]
[BlackElo "1607"]
[PlyCount "112"]
[EventDate "2016.08.07"]
[EventType "swiss"]
[EventRounds "9"]
[EventCountry "CAN"]
[SourceTitle "EXT 2022"]
[Source "ChessBase"]
[SourceDate "2021.10.06"]
[SourceVersion "1"]
[SourceVersionDate "2021.10.06"]
[SourceQuality "1"]

1. c4 e5 2. g3 Nf6 3. Bg2 Nc6 4. Nc3 Bc5 5. e3 0-0 6. Nge2 Re8 7. 0-0 e4 8. Nf4 Bb4 9. Ncd5 Bd6 10. d3 Bxf4 11. Nxf4 exd3 12. Qxd3 Ne5 13. Qc2 c6 14. b3 d6 15. Bb2 Qc7 16. Rad1 Be6 17. Rd2 Rad8 18. h3 Bc8 19. Rfd1 a5 20. Ba3 c5 21. Qc3 b6 22. Bb2 Bb7 23. Nd5 Nxd5 24. Bxd5 Bxd5 25. Rxd5 f6 26. f4 Nf7 27. g4 Qc8 28. Qd3 Qe6 29. Re1 Re7 30. e4 Rde8 31. Kg2 Qc8 32. Qf3 Qc6 33. a4 Re6 34. h4 Qb7 35. f5 R6e7 36. g5 Ne5 37. Qg3 Kh8 38. Rxd6 Nd7 39. gxf6 Nxf6 40. Rxf6 Rxe4 41. Kh2 Rxe1 42. Qxe1 Qb8+ 43. Be5 gxf6 44. Bxb8 Rxe1 45. Bc7 Re3 46. Bxb6 Rxb3 47. Bxa5 Ra3 48. Bb6 Rxa4 49. Bxc5 Rxc4 50. Be7 Rxh4+ 51. Kg3 Rh6 52. Bf8 Rh5 53. Kg4 Rh1 54. Be7 Kg7 55. Bd6 h5+ 56. Kg3 Rf1 0-1

[Event "CAN-ch U12"]
[Site "Windsor"]
[Date "2016.07.06"]
[Round "3.53"]
[White "England, Max"]
[Black "Cyrenne, Cole"]
[Result "1-0"]
[WhiteElo "1922"]
[BlackElo "640"]
[PlyCount "101"]
[EventDate "2016.07.05"]
[EventType "swiss"]
[EventRounds "7"]
[EventCountry "CAN"]
[SourceTitle "EXT 2022"]
[Source "ChessBase"]
[SourceDate "2021.10.06"]
[SourceVersion "1"]
[SourceVersionDate "2021.10.06"]
[SourceQuality "1"]

1. e4 c5 2. d4 d5 3. exd5 Qxd5 4. dxc5 Qxd1+ 5. Kxd1 e5 6. Be3 Nd7 7. Bb5 Ngf6 8. c6 bxc6 9. Bxc6 Rb8 10. b3 Bb7 11. Bxb7 Rxb7 12. Nc3 Bb4 13. Nge2 0-0 14. a3 Ba5 15. Kc1 Rc8 16. b4 Bb6 17. Bxb6 Nxb6 18. h3 Nbd5 19. Nxd5 Nxd5 20. Kb2 Rbc7 21. Rac1 f5 22. Rhd1 Nc3 23. Nxc3 Rxc3 24. Rd5 R3c7 25. Rxe5 g6 26. Re3 f4 27. Rf3 Rc4 28. Kb3 g5 29. c3 Kg7 30. Rd1 R8c7 31. Rd4 R4c6 32. Rfd3 Rf6 33. Rd7+ Rxd7 34. Rxd7+ Rf7 35. Rxf7+ Kxf7 36. b5 h5 37. a4 g4 38. h4 Kf6 39. a5 Ke5 40. b6 axb6 41. a6 g3 42. f3 Kd6 43. a7 Kc7 44. a8Q b5 45. Qa6 b4 46. Kxb4 Kd7 47. Qf6 Kc7 48. Kc5 Kc8 49. Qe7 Kb8 50. Kb6 Ka8 51. Qd8# 1-0

[Event "CAN-ch U12"]
[Site "Windsor"]
[Date "2016.07.05"]
[Round "1.54"]
[White "England, Max"]
[Black "Wang, Kevin"]
[Result "1-0"]
[WhiteElo "1922"]
[BlackElo "1034"]
[PlyCount "84"]
[EventDate "2016.07.05"]
[EventType "swiss"]
[EventRounds "7"]
[EventCountry "CAN"]
[SourceTitle "EXT 2022"]
[Source "ChessBase"]
[SourceDate "2021.10.06"]
[SourceVersion "1"]
[SourceVersionDate "2021.10.06"]
[SourceQuality "1"]

1. e4 c5 2. d4 cxd4 3. c3 dxc3 4. Nxc3 Nc6 5. Nf3 g6 6. Bc4 Bg7 7. 0-0 d6 8. Qe2 Bg4 9. Bxf7+ Kxf7 10. Ng5+ Ke8 11. Qxg4 Bxc3 12. bxc3 Nf6 13. Qe6 Qd7 14. Qf7+ Kd8 15. Qb3 Kc7 16. Ne6+ Kc8 17. Qc4 Rb8 18. a4 a6 19. a5 d5 20. exd5 Qxd5 21. Qxd5 Nxd5 22. c4 Nc7 23. Bb2 Rg8 24. Nf4 b6 25. Bc3 Nxa5 26. Bxa5 bxa5 27. Rxa5 Rb4 28. Rc5 Kb7 29. Rxc7+ Kxc7 30. Nd5+ Kd6 31. Nxb4 Kc5 32. Nxa6+ Kxc4 33. Nc7 Kc5 34. Re1 Kd6 35. Ne6 Rc8 36. Ng5 Kd7 37. Nxh7 Ke8 38. Nf6+ Kf7 39. Nd5 e6 40. Nf4 e5 41. Nd3 e4 42. Rxe4 Rd8 1-0

[Event "CAN-ch U08"]
[Site "Ottawa"]
[Date "2013.07.12"]
[Round "5"]
[White "England, Max"]
[Black "Zhao, Jonathan"]
[Result "0-1"]
[WhiteElo "944"]
[BlackElo "1123"]
[PlyCount "136"]
[EventDate "2013.07.10"]
[EventType "swiss"]
[EventRounds "6"]
[EventCountry "CAN"]
[SourceTitle "EXT 2022"]
[Source "ChessBase"]
[SourceDate "2021.10.06"]
[SourceVersion "1"]
[SourceVersionDate "2021.10.06"]
[SourceQuality "1"]

1. e4 e5 2. Nf3 Nc6 3. Bc4 Bc5 4. 0-0 Nf6 5. d3 h6 6. Be3 Bb6 7. c3 0-0 8. a4 d6 9. Nbd2 Be6 10. Bxe6 fxe6 11. d4 exd4 12. cxd4 Qe7 13. e5 dxe5 14. dxe5 Bxe3 15. exf6 Bxf2+ 16. Rxf2 Qxf6 17. Rb1 Ne5 18. Qc2 c6 19. Ne4 Nxf3+ 20. Rxf3 Qd4+ 21. Kh1 Rfd8 22. h3 Rd5 23. Nc3 Rc5 24. b3 b5 25. axb5 cxb5 26. b4 Rc4 27. Nxb5 Qd5 28. Qa4 a5 29. Ra3 Qe4 30. Nc3 Rxc3 31. Rab3 axb4 32. Qxb4 Qxb4 33. Rxb4 Ra2 34. R4b2 Rxb2 35. Rxb2 Kf7 36. Rb7+ Kf6 37. Kh2 e5 38. Kg1 e4 39. Kf1 g5 40. Rb5 Kg6 41. Re5 Rc4 42. g4 Kf6 43. Re8 Rc1+ 44. Ke2 Rc2+ 45. Kd1 Rc4 46. Kd2 Rd4+ 47. Ke2 Rd3 48. Rxe4 Rxh3 49. Kd2 h5 50. gxh5 Rxh5 51. Ke3 Kf5 52. Re8 Kg4 53. Rf8 Kg3 54. Rf5 Kg4 55. Rf1 Rh3+ 56. Ke4 Rg3 57. Ke5 Rg2 58. Kf6 Rg3 59. Rf2 Kh3 60. Rf5 g4 61. Rg5 Rf3+ 62. Ke5 g3 63. Ke4 Kg2 64. Rh5 Rf2 65. Ke3 Kg1 66. Rg5 g2 67. Rd5 Rf6 68. Rd2 Kh1 0-1